000 00628nam a2200193Ia 4500
003 GCL
008 140319s9999 xx 000 0 ara d
040 _aGCL /
_cGCL
082 0 4 _a811.054
_bل و
100 1 _aلجنة من ادباء الاقطار العربية
245 1 0 _aالوصف /
_cلجنة من ادباء الاقطار العربية
260 _a[S.N] :
_bدار المعارف
490 _aالفن الغنائى
_v0
650 0 4 _aالشعر العربى
650 0 4 _aالوصف الادبى
650 0 4 _aتاريخ ونقد
650 0 4 _aالشعر العربى - مجموعات
942 _2ddc
_cBK
999 _c54050
_d54050